Govt. of
Madhya Pradesh

Dictionary of Confusing Words (Record no. 63554)

MARC details
000 -LEADER
fixed length control field 00239nam a22000977a 4500
100 ## - MAIN ENTRY--AUTHOR NAME
Personal name Garg,Mahipal
245 ## - TITLE STATEMENT
Title Dictionary of Confusing Words
260 ## - PUBLICATION, DISTRIBUTION, ETC. (IMPRINT)
Place of publication Delhi
Name of publisher Star Publisher House
Year of publication 2019
650 ## - SUBJECT ADDED ENTRY--TOPICAL TERM
Topical Term Dictonary
942 ## - ADDED ENTRY ELEMENTS (KOHA)
Koha item type Books
Holdings
Withdrawn status Lost status Damaged status Not for loan Home library Current library Date acquired Cost, normal purchase price Full call number Accession Number Price effective from Koha item type
        MACL MACL 07/10/2020 795.00 403 CRE037306 07/10/2020 Books